| 000 | 006350000a22001810004500 | ||
|---|---|---|---|
| 003 | MACL | ||
| 005 | 20160519125335.0 | ||
| 008 | 160519b xxu||||| |||| 00| 0 eng d | ||
| 040 |
_aMACL _cMACL |
||
| 041 | _aHindi | ||
| 082 | _a891.433 | ||
| 100 |
_aशरत, सत्येन्द्र _958156 |
||
| 245 |
_aउर्दू की श्रेष्ठ प्रेम कहानियॉ _cसत्येन्द्र शरत |
||
| 260 |
_bपांडुलिपि प्रकाशन _c1994 _aदिल्ली |
||
| 350 | _a100 | ||
| 650 |
_aStory _958157 |
||
| 942 |
_cHIN _k891.433/SHA/S _2ddc |
||
| 999 |
_c21258 _d21258 |
||